<?xml version="1.0" encoding="UTF-8"?>
<record
    xmlns:xsi="http://www.w3.org/2001/XMLSchema-instance"
    xsi:schemaLocation="http://www.loc.gov/MARC21/slim http://www.loc.gov/standards/marcxml/schema/MARC21slim.xsd"
    xmlns="http://www.loc.gov/MARC21/slim">

  <leader>02339nam0a22003851i 4500</leader>
  <controlfield tag="001">RU\NLR\BIBL_A\010452166</controlfield>
  <controlfield tag="005">20241105180408.0</controlfield>
  <datafield tag="010" ind1=" " ind2=" ">
    <subfield code="a">9785020365681</subfield>
    <subfield code="9">500</subfield>
  </datafield>
  <datafield tag="021" ind1=" " ind2=" ">
    <subfield code="a">RU</subfield>
    <subfield code="b">2014-43276</subfield>
    <subfield code="9">2634</subfield>
  </datafield>
  <datafield tag="035" ind1=" " ind2=" ">
    <subfield code="a">(NILC)RuMoRGB-007505634</subfield>
  </datafield>
  <datafield tag="035" ind1=" " ind2=" ">
    <subfield code="a">(NLR Aleph) 010452166</subfield>
  </datafield>
  <datafield tag="090" ind1=" " ind2=" ">
    <subfield code="a">9933722</subfield>
    <subfield code="c">9933722</subfield>
  </datafield>
  <datafield tag="100" ind1=" " ind2=" ">
    <subfield code="a">20140818d2014    k  y0rusy50      ca</subfield>
  </datafield>
  <datafield tag="101" ind1="1" ind2=" ">
    <subfield code="a">rus</subfield>
    <subfield code="a">ara</subfield>
    <subfield code="a">ava</subfield>
    <subfield code="c">ara</subfield>
  </datafield>
  <datafield tag="102" ind1=" " ind2=" ">
    <subfield code="a">RU</subfield>
  </datafield>
  <datafield tag="105" ind1=" " ind2=" ">
    <subfield code="a">ach|z|||000ya</subfield>
  </datafield>
  <datafield tag="200" ind1="1" ind2=" ">
    <subfield code="a">&#x41A;&#x43D;&#x438;&#x433;&#x430; &#x43E; &#x437;&#x43D;&#x430;&#x447;&#x438;&#x43C;&#x43E;&#x441;&#x442;&#x438; &#x441;&#x442;&#x440;&#x435;&#x43C;&#x43B;&#x435;&#x43D;&#x438;&#x44F; &#x443;&#x43B;&#x443;&#x447;&#x448;&#x430;&#x442;&#x44C; &#x441;&#x432;&#x43E;&#x438; &#x434;&#x435;&#x44F;&#x43D;&#x438;&#x44F; &#x43F;&#x43E; &#x43C;&#x435;&#x440;&#x435; &#x441;&#x438;&#x43B;</subfield>
    <subfield code="d">&#x41A;&#x438;&#x442;&#x430;&#x431; &#x2032;&#x438;&#x431;&#x430;&#x440;&#x430;&#x442; &#x430;&#x43B;-&#x438;&#x2032;&#x442;&#x438;&#x431;&#x430;&#x440; &#x444;&#x438; &#x438;&#x441;&#x442;&#x438;&#x441;&#x43B;&#x430;&#x445; &#x430;&#x43B;-&#x430;&#x2032;&#x43C;&#x430;&#x43B; &#x431;&#x438; &#x1E33;&#x430;&#x434;&#x440;&#x438; &#x430;&#x43B;-&#x438;&#x1E33;&#x442;&#x438;&#x434;&#x430;&#x440;</subfield>
    <subfield code="e">[&#x43F;&#x435;&#x440;&#x435;&#x432;&#x43E;&#x434; &#x43D;&#x430; &#x440;&#x443;&#x441;&#x441;&#x43A;&#x438;&#x439; &#x438; &#x430;&#x432;&#x430;&#x440;&#x441;&#x43A;&#x438;&#x439; &#x44F;&#x437;&#x44B;&#x43A;&#x438; &#x430;&#x440;&#x430;&#x431;&#x43E;&#x44F;&#x437;&#x44B;&#x447;&#x43D;&#x43E;&#x433;&#x43E; &#x430;&#x432;&#x442;&#x43E;&#x431;&#x438;&#x43E;&#x433;&#x440;&#x430;&#x444;&#x438;&#x447;&#x435;&#x441;&#x43A;&#x43E;&#x433;&#x43E; &#x43F;&#x440;&#x43E;&#x438;&#x437;&#x432;&#x435;&#x434;&#x435;&#x43D;&#x438;&#x44F;]</subfield>
    <subfield code="f">&#x41C;&#x443;&#x445;&#x430;&#x43C;&#x43C;&#x430;&#x434;&#x442;&#x430;&#x445;&#x438;&#x440; &#x430;&#x43B;-&#x41A;&#x430;&#x440;&#x430;&#x445;&#x438;</subfield>
    <subfield code="g">&#x43F;&#x435;&#x440;. &#x441; &#x430;&#x440;&#x430;&#x431;. &#x438; &#x43A;&#x43E;&#x43C;&#x43C;&#x435;&#x43D;&#x442;. &#x420;.&#x421;. &#x410;&#x431;&#x434;&#x443;&#x43B;&#x43C;&#x430;&#x436;&#x438;&#x434;&#x43E;&#x432;&#x430; [&#x438; &#x434;&#x440;.]</subfield>
    <subfield code="g">&#x420;&#x43E;&#x441;. &#x430;&#x43A;&#x430;&#x434;. &#x43D;&#x430;&#x443;&#x43A;, &#x414;&#x430;&#x433;&#x435;&#x441;&#x442;. &#x43D;&#x430;&#x443;&#x447;. &#x446;&#x435;&#x43D;&#x442;&#x440;, &#x418;&#x43D;-&#x442; &#x438;&#x441;&#x442;&#x43E;&#x440;&#x438;&#x438;, &#x430;&#x440;&#x445;&#x435;&#x43E;&#x43B;&#x43E;&#x433;&#x438;&#x438; &#x438; &#x44D;&#x442;&#x43D;&#x43E;&#x433;&#x440;&#x430;&#x444;&#x438;&#x438;</subfield>
    <subfield code="z">ava</subfield>
  </datafield>
  <datafield tag="210" ind1=" " ind2=" ">
    <subfield code="a">&#x41C;&#x43E;&#x441;&#x43A;&#x432;&#x430;</subfield>
    <subfield code="c">&#x41D;&#x430;&#x443;&#x43A;&#x430;</subfield>
    <subfield code="c">&#x412;&#x43E;&#x441;&#x442;&#x43E;&#x447;&#x43D;&#x430;&#x44F; &#x43B;&#x438;&#x442;&#x435;&#x440;&#x430;&#x442;&#x443;&#x440;&#x430;</subfield>
    <subfield code="d">2014</subfield>
  </datafield>
  <datafield tag="215" ind1=" " ind2=" ">
    <subfield code="a">133, [1] &#x441;.</subfield>
    <subfield code="c">&#x438;&#x43B;., &#x444;&#x430;&#x43A;&#x441;., &#x43F;&#x43E;&#x440;&#x442;&#x440;.</subfield>
    <subfield code="d">20</subfield>
  </datafield>
  <datafield tag="300" ind1=" " ind2=" ">
    <subfield code="a">&#x422;&#x435;&#x43A;&#x441;&#x442; &#x43D;&#x430; &#x440;&#x443;&#x441;. &#x438; &#x430;&#x432;&#x430;&#x440;. &#x44F;&#x437;.</subfield>
  </datafield>
  <datafield tag="320" ind1=" " ind2=" ">
    <subfield code="a">&#x411;&#x438;&#x431;&#x43B;&#x438;&#x43E;&#x433;&#x440;.: &#x441;. 103-105, &#x432; &#x43F;&#x43E;&#x434;&#x441;&#x442;&#x440;&#x43E;&#x447;. &#x43F;&#x440;&#x438;&#x43C;&#x435;&#x447;. &#x438; &#x432; &#x442;&#x435;&#x43A;&#x441;&#x442;&#x435; &#x43F;&#x440;&#x438;&#x43C;&#x435;&#x447;.</subfield>
  </datafield>
  <datafield tag="510" ind1="1" ind2=" ">
    <subfield code="6">z11790</subfield>
    <subfield code="a">&#x41A;&#x438;&#x442;&#x430;&#x431; &#x2032;&#x438;&#x431;&#x430;&#x440;&#x430;&#x442; &#x430;&#x43B;-&#x438;&#x2032;&#x442;&#x438;&#x431;&#x430;&#x440; &#x444;&#x438; &#x438;&#x441;&#x442;&#x438;&#x441;&#x43B;&#x430;&#x445; &#x430;&#x43B;-&#x430;&#x2032;&#x43C;&#x430;&#x43B; &#x431;&#x438; &#x1E33;&#x430;&#x434;&#x440;&#x438; &#x430;&#x43B;-&#x438;&#x1E33;&#x442;&#x438;&#x434;&#x430;&#x440;</subfield>
    <subfield code="z">ava</subfield>
  </datafield>
  <datafield tag="600" ind1=" " ind2="0">
    <subfield code="a">&#x41C;&#x443;&#x445;&#x430;&#x43C;&#x43C;&#x430;&#x434; &#x422;&#x430;&#x445;&#x438;&#x440; &#x430;&#x43B;&#x44C; &#x41A;&#x430;&#x440;&#x430;&#x445;&#x438;</subfield>
    <subfield code="f">1809 &#x2013; 1882 &#x433;&#x433;.</subfield>
    <subfield code="9">2196654</subfield>
    <subfield code="3">RU\NLR\AUTH\6601555486</subfield>
  </datafield>
  <datafield tag="686" ind1="1" ind2=" ">
    <subfield code="a">&#x422;1(2&#x420;-6&#x414;)5-8</subfield>
  </datafield>
  <datafield tag="700" ind1=" " ind2="0">
    <subfield code="a">&#x41C;&#x443;&#x445;&#x430;&#x43C;&#x43C;&#x430;&#x434; &#x422;&#x430;&#x445;&#x438;&#x440; &#x430;&#x43B;&#x44C; &#x41A;&#x430;&#x440;&#x430;&#x445;&#x438;</subfield>
    <subfield code="f">1809&#x2013;1882</subfield>
    <subfield code="9">193084</subfield>
    <subfield code="3">RU\NLR\AUTH\770193135</subfield>
  </datafield>
  <datafield tag="702" ind1=" " ind2="1">
    <subfield code="a">&#x410;&#x431;&#x434;&#x443;&#x43B;&#x43C;&#x430;&#x436;&#x438;&#x434;&#x43E;&#x432;</subfield>
    <subfield code="b">&#x420;. &#x421;.</subfield>
    <subfield code="g">&#x420;&#x430;&#x43C;&#x430;&#x437;&#x430;&#x43D; &#x421;&#x443;&#x43B;&#x442;&#x430;&#x43D;&#x43E;&#x432;&#x438;&#x447;</subfield>
    <subfield code="4">210</subfield>
  </datafield>
  <datafield tag="790" ind1=" " ind2="1">
    <subfield code="7">ca</subfield>
    <subfield code="8">ava</subfield>
    <subfield code="a">&#x41A;&#x44A;&#x430;&#x440;&#x430;&#x445;&#x44A;&#x444;</subfield>
    <subfield code="b">&#x41C;.</subfield>
    <subfield code="f">1809&#x2013;1882</subfield>
    <subfield code="g">&#x41C;&#x443;&#x445;i&#x430;&#x43C;&#x43C;&#x430;&#x434;&#x442;i&#x430;&#x433;&#x44C;&#x438;&#x440;</subfield>
    <subfield code="9">136358</subfield>
    <subfield code="3">RU\NLR\AUTH\770136393</subfield>
  </datafield>
  <datafield tag="801" ind1=" " ind2="0">
    <subfield code="a">RU</subfield>
    <subfield code="b">&#x420;&#x413;&#x411;</subfield>
    <subfield code="c">20140611</subfield>
    <subfield code="g">RCR</subfield>
  </datafield>
  <datafield tag="852" ind1=" " ind2=" ">
    <subfield code="a">NLR</subfield>
    <subfield code="b">&#x41E;&#x41B;&#x421;&#x410;&#x410;-&#x441;&#x43B;-&#x441;&#x43F;&#x440;</subfield>
    <subfield code="j">2-5381</subfield>
  </datafield>
  <datafield tag="852" ind1=" " ind2=" ">
    <subfield code="a">NLR</subfield>
    <subfield code="b">&#x41E;&#x41B;&#x421;&#x410;&#x410;-&#x441;&#x43B;-&#x441;&#x43F;&#x440;</subfield>
    <subfield code="j">2-5381</subfield>
  </datafield>
  <datafield tag="942" ind1=" " ind2=" ">
    <subfield code="c">BOOK</subfield>
  </datafield>
  <datafield tag="980" ind1=" " ind2=" ">
    <subfield code="a">NBR</subfield>
  </datafield>
  <datafield tag="980" ind1="1" ind2=" ">
    <subfield code="a">SL_SPR</subfield>
  </datafield>
</record>
